000 00486nam a2200217 454500
001 035830
003 BD-ChCU
008 Eng
020 _a8158009155
040 _aDLC
_cDLC
_dBD-ChCU
082 0 0 _a567.6/F935
100 1 _ax
_bx
245 1 0 _aFrontiers in applied microbiology, 1985
_bx
250 _ax
260 _aLuckonw
_bPrint House
_c1986
300 _ax
504 _ax
650 0 _aMicrobiology
_bMicrobiology
700 1 _aMukerji, K. G.
942 _2ddc
_cBK
999 _c35830
_d35830